Dezinfekce pitné vody z pohledu hygienika

Článok zhrňuje súčasné legislatívne a odborné prístupy k zdravotnému zabezpečeniu pitnej vody, ktoré je založené na analýze rizika a existencii hygienických bariér.

Saved in:
Bibliographic Details
Main Author: Kožíšek, František
Format: Book Chapter
Language:Czech
Subjects:
Tags: Add Tag
No Tags, Be the first to tag this record!

MARC

LEADER 00000naa a2200000 4500
001 0169939
005 20231208124149.0
041 0 |a cze 
044 |a SK 
245 1 0 |a Dezinfekce pitné vody z pohledu hygienika  |c František Kožíšek 
520 |a Článok zhrňuje súčasné legislatívne a odborné prístupy k zdravotnému zabezpečeniu pitnej vody, ktoré je založené na analýze rizika a existencii hygienických bariér. 
610 2 0 |a voda pitná 
610 2 0 |a kvalita vody 
610 2 0 |a hygiena 
100 1 |a Kožíšek, František